Kiedy powstały obecne granice Niemiec? - Statystyki

Ogólne statystyki
  • Ten quiz został rozwiązany 19 razy
  • Średni wynik to 2 z 13
Statystyki odpowiedzi
Sąsiad Kraj % Poprawnych
Polska 1945
100%
Dania 1920
36%
Czechy 1459
7%
Holandia 1559
7%
Czechy 1577
7%
Czechy 1635
7%
Szwajcaria 1648
7%
Francja 1697
7%
Francja 1766
7%
Holandia 1815
7%
Belgia 1815
7%
Luksemburg 1815
7%
Austria 1866
7%
Nie znaleziono quizów pasujących do podanych kryteriów
Rozkład punktacji
Procent ludzi z każdym wynikiem
Percentyl według liczby udzielonych odpowiedzi
Twoja historia wyników
Nie rozwiązałeś tego quizu